| 000 | 00783nam a2200241Ia 4500 | ||
|---|---|---|---|
| 005 | 20260601193259.0 | ||
| 008 | 260601s9999||||xx |||||||||||||| ||und|| | ||
| 020 |
_a978-3-031-67351-1 _qebk |
||
| 100 | _aGabriella Casalino | ||
| 245 | 0 | _aHigher Education Learning Methodologies and Technologies Online | |
| 250 | _a2024 | ||
| 260 |
_aHeidelberg, Germany _bSpringer Nature _c2024 |
||
| 440 | _aCommunications in Computer and Information Science | ||
| 650 | _aComputer Science | ||
| 700 | _aDavide Taibi | ||
| 700 | _aGiovanni Fulantelli | ||
| 700 | _aGiusi Antonia Toto | ||
| 700 | _aPaolo Raviolo | ||
| 700 | _aPier Cesare Rivoltella | ||
| 700 | _aRaffaele Di Fuccio | ||
| 856 | _uhttps://link.springer.com/openurl?genre=book&isbn=978-3-031-67351-1 | ||
| 942 |
_cEB _2ddc |
||
| 999 |
_c56969 _d56969 |
||